Statistics for Home Cities in History Quiz #1

Click here to take the quiz!

General Stats

  • This quiz has been taken 15,077 times
  • The average score is 15 of 22

Answer Stats

PersonHome City% Correct
Julius CaesarRome
98%
JesusNazareth
85%
Al CaponeChicago
84%
Theodore RooseveltNew York City
82%
Victor HugoParis
81%
Anne FrankAmsterdam
78%
Henry FordDearborn, Michigan
75%
Paul RevereBoston
73%
Benjamin FranklinPhiladelphia
73%
Marco PoloVenice
72%
Kurt CobainAberdeen, Washington
70%
Louis ArmstrongNew Orleans
69%
Alfred NobelStockholm
69%
Marilyn MonroeLos Angeles
60%
William ShakespeareStratford-upon-Avon
58%
Søren KierkegaardCopenhagen
56%
Martin Luther King, Jr.Atlanta
55%
King LeonidasSparta
55%
HannibalCarthage
47%
Franz KafkaPrague
45%
Tony BlairEdinburgh
36%
GalileoPisa
33%

Score Distribution

Percentile by Number Answered

Percent of People with Each Score

Your Score History

You have not taken this quiz